[Event "Ann Arbor Grand Prix Kickoff"]
[Site "Ann Arbor, Mich."]
[Date "1984.01.07"]
[Round "3"]
[White "Frohman, Thomas"]
[Black "Moody, David"]
[Result "0-1"]
[WhiteElo "1740"]
[BlackElo "1904"]
[PlyCount "58"]
[EventDate "1984.01.07"]

1. e4 e5 2. Nf3 Nc6 3. Bb5 a6 4. Ba4 Nf6 5. Bxc6 dxc6 6. Nc3 Bg4 7. h3 Bh5 8.
d3 Nd7 9. g4 Bg6 10. Be3 Bb4 11. Nxe5 Nxe5 12. f4 Nc4 13. Bc1 Qd4 14. dxc4
Bxc3+ 15. bxc3 Qxc3+ 16. Bd2 Qg3+ 17. Kf1 Bxe4 18. Qe2 O-O-O 19. Rh2 Bxc2 20.
Be1 Qxf4+ 21. Rf2 Qd4 22. Qxc2 Qxa1 23. Rxf7 Rhe8 24. Qf2 Rxe1+ 25. Kg2 Qe5 26.
Qa7 Rd2+ 27. Kf3 Qe4+ 28. Kg3 Rd3+ 29. Kh4 g5+ 0-1

[Event "Ann Arbor Grand Prix Kickoff"]
[Site "Ann Arbor, Mich."]
[Date "1984.01.08"]
[Round "4"]
[White "Moody, David"]
[Black "Iverson, Brad"]
[Result "1-0"]
[WhiteElo "1904"]
[BlackElo "1613"]
[PlyCount "73"]
[EventDate "1984.01.07"]

1. e4 c5 2. Nf3 Nc6 3. d4 cxd4 4. Nxd4 Nf6 5. Nc3 e5 6. Ndb5 d6 7. Nd5 Nxd5 8.
exd5 Ne7 9. c4 Nf5 10. Qa4 Bd7 11. Bd3 a6 12. Bxf5 axb5 13. Bxd7+ Ke7 14. Qxb5
Qxd7 15. Bg5+ f6 16. Qxd7+ Kxd7 17. Be3 Be7 18. Kd2 f5 19. b4 Rhc8 20. Rhc1 f4
21. Bb6 Ra6 22. c5 f3 23. Rc2 fxg2 24. b5 Ra4 25. c6+ bxc6 26. dxc6+ Ke6 27.
Be3 Rca8 28. f3 Bg5 29. Bxg5 Rxa2 30. Rg1 Rxc2+ 31. Kxc2 Ra5 32. c7 Kd7 33. b6
e4 34. Bd8 Rb5 35. fxe4 Rxb6 36. c8=Q+ Kxc8 37. Bxb6 1-0

[Event "Ann Arbor Grand Prix Kickoff"]
[Site "Ann Arbor, Mich."]
[Date "1984.01.08"]
[Round "5"]
[White "Baze, Lineas"]
[Black "Moody, David"]
[Result "1-0"]
[WhiteElo "2075"]
[BlackElo "1904"]
[PlyCount "81"]
[EventDate "1984.01.07"]

1. Nf3 d6 2. g3 e5 3. Bg2 f5 4. c4 Nc6 5. d3 Nf6 6. Nc3 Be7 7. a3 O-O 8. e3 Nh5
9. Bd2 Qe8 10. Qe2 a5 11. O-O-O a4 12. h4 Na5 13. Nd5 Nb3+ 14. Kb1 Bd8 15. Ng5
c6 16. Bb4 cxd5 17. Bxd5+ Kh8 18. Bxd6 Nf6 19. Bxf8 Nxd5 20. Bd6 Nf6 21. Bxe5
h6 22. Bxf6 Bxf6 23. Qf3 Ra6 24. Qd5 Rb6 25. d4 Qe7 26. Ka2 Bd7 27. Nf7+ Kh7
28. Ng5+ Kh8 29. Nf7+ Kh7 30. Ne5 Be6 31. Qf3 Bxe5 32. dxe5 Bxc4 33. Qxf5+ Kh8
34. Kb1 Nc5 35. Qc2 Bd3 36. Rxd3 Nxd3 37. Qxd3 Qxe5 38. Qd8+ Kh7 39. Qd3+ g6
40. Qd4 Qb5 41. Rd1 1-0

[Event "Trenton Quads (January)"]
[Site "Trenton, Mich."]
[Date "1984.01.15"]
[Round "2"]
[White "Prusaitis, Bill"]
[Black "Moody, David"]
[Result "1-0"]
[WhiteElo "1847"]
[BlackElo "1904"]
[PlyCount "31"]
[EventDate "1984.01.15"]

1. e4 e5 2. Nc3 Nf6 3. Nf3 Nc6 4. Bc4 Bc5 5. d3 d6 6. Bg5 Be6 7. Bb5 a6 8. Ba4
b5 9. Bb3 Nd4 10. Nd5 c6 11. Nxf6+ gxf6 12. Nxd4 Bxd4 13. Bxe6 fxg5 14. c3
Bxf2+ 15. Kxf2 Qf6+ 16. Bf5 1-0

[Event "Trenton Quads (January)"]
[Site "Trenton, Mich."]
[Date "1984.01.15"]
[Round "3"]
[White "Moody, David"]
[Black "Thompson, Dexter"]
[Result "0-1"]
[WhiteElo "1904"]
[BlackElo "2153"]
[PlyCount "64"]
[EventDate "1984.01.15"]

1. e4 e5 2. Bc4 Nf6 3. Nf3 Nc6 4. Ng5 Bc5 5. Bxf7+ Ke7 6. Bc4 Qe8 7. Nc3 Rf8 8.
O-O d6 9. Nd5+ Nxd5 10. exd5 Nd4 11. c3 Nf5 12. d4 Bb6 13. dxe5 dxe5 14. Re1
Kd8 15. Ne6+ Bxe6 16. Bg5+ Kc8 17. dxe6 Nd6 18. e7 Rxf2 19. Qg4+ Qd7 20. e8=Q+
Nxe8 21. Qxd7+ Kxd7 22. Kh1 Nd6 23. Rad1 Kc6 24. Bd5+ Kd7 25. Rxe5 Re8 26. Rxe8
Kxe8 27. Re1+ Kd7 28. Re7+ Kc8 29. g3 h6 30. Be6+ Kb8 31. Rxg7 a6 32. Bxh6 Rf6
0-1

[Event "Trenton Quads (January)"]
[Site "Trenton, Mich."]
[Date "1984.01.15"]
[Round "1"]
[White "Leveson, Morris"]
[Black "Moody, David"]
[Result "0-1"]
[WhiteElo "2098"]
[BlackElo "1904"]
[PlyCount "90"]
[EventDate "1984.01.15"]

1. d4 Nf6 2. c4 c5 3. d5 e6 4. Nc3 exd5 5. cxd5 d6 6. Nf3 g6 7. Bf4 Bg7 8. Qa4+
Qd7 9. Qb3 O-O 10. g3 a6 11. a4 Qc7 12. Bg2 Re8 13. Nd2 Nh5 14. Be3 Bf5 15. Nc4
Nd7 16. O-O h6 17. h3 Nhf6 18. Bf4 Bf8 19. g4 Be4 20. Nxe4 Nxe4 21. f3 Nef6 22.
e4 Rab8 23. Rfb1 b5 24. axb5 axb5 25. Na5 c4 26. Qc2 Nc5 27. Bf1 Ra8 28. b4 Na4
29. Qc1 Kh7 30. Bxc4 Bg7 31. Bd3 Qa7+ 32. Be3 Qe7 33. Bxb5 Nxd5 34. Bxa4 Nxe3
35. Qxe3 Bxa1 36. Bxe8 Qxe8 37. Rxa1 Qb5 38. Qd2 Qe5 39. Kg2 Qxa1 40. Kf2 Qe5
41. Kg2 Rc8 42. Nb7 Qa1 43. Nxd6 Rc1 44. Nxf7 Rg1+ 45. Kf2 Qa7+ 0-1

[Event "Chester Orlowski Memorial"]
[Site "East Detroit, Mich."]
[Date "1984.02.06"]
[Round "2"]
[White "Holmes, John"]
[Black "Moody, David"]
[Result "0-1"]
[WhiteElo "1681"]
[BlackElo "1904"]
[PlyCount "32"]
[EventDate "1984.01.30"]

1. e4 e5 2. Nc3 Nf6 3. f4 d5 4. fxe5 Nxe4 5. Nf3 Bb4 6. a3 Ba5 7. Bb5+ c6 8.
Be2 Bg4 9. O-O Bxc3 10. bxc3 Qb6+ 11. Nd4 Bxe2 12. Qxe2 O-O 13. Kh1 Nd7 14. Nf3
Rae8 15. a4 Nxe5 16. Ba3 Ng4 0-1

[Event "Chester Orlowski Memorial"]
[Site "East Detroit, Mich."]
[Date "1984.02.13"]
[Round "3"]
[White "Moody, David"]
[Black "Finegold, Ben"]
[Result "0-1"]
[WhiteElo "1904"]
[BlackElo "2220"]
[PlyCount "114"]
[EventDate "1984.01.30"]

1. d4 d5 2. c4 dxc4 3. Nf3 Nf6 4. e3 Bg4 5. Bxc4 e6 6. Nc3 c5 7. Qa4+ Nbd7 8.
Ne5 cxd4 9. exd4 a6 10. Nxg4 Nxg4 11. Qb3 Nb6 12. Be2 Nf6 13. Bg5 Be7 14. Bf3
Nfd5 15. Bxe7 Qxe7 16. O-O Rd8 17. Nxd5 Nxd5 18. Qa4+ Qd7 19. Qxd7+ Kxd7 20.
Bxd5 exd5 21. Rfe1 Rhe8 22. Kf1 Rc8 23. Rad1 Rc2 24. Rxe8 Kxe8 25. Re1+ Kd7 26.
Re2 Rc1+ 27. Re1 Rc4 28. Ke2 Rc2+ 29. Kf3 Rxb2 30. Ra1 b5 31. a3 a5 32. Ke3 a4
33. Rc1 Rb3+ 34. Kd2 Rxa3 35. Rc5 Ra2+ 36. Ke3 b4 37. Rxd5+ Kc6 38. Rc5+ Kb6
39. Rc4 b3 40. Rb4+ Ka7 41. d5 b2 42. d6 Ra3+ 43. Kd2 Rb3 44. Rxb3 axb3 45. d7
b1=Q 46. d8=Q Qc2+ 47. Ke3 Qc5+ 48. Kf3 Qc6+ 49. Kg3 Qg6+ 50. Kh3 Qf5+ 51. Kg3
Qe5+ 52. Kh3 b2 53. Qd7+ Kb6 54. Qd8+ Kb5 55. Qd7+ Kb4 56. Qb7+ Kc3 57. f4 Qf5+
0-1

[Event "Saginaw Quads (March)"]
[Site "Saginaw, Mich."]
[Date "1984.03.04"]
[Round "1"]
[White "Moody, David"]
[Black "MacTaggert, Anthony"]
[Result "1-0"]
[WhiteElo "1995"]
[BlackElo "2040"]
[PlyCount "77"]
[EventDate "1984.03.04"]

1. e4 e6 2. d3 c5 3. Nf3 Nc6 4. g3 g6 5. Bg2 Bg7 6. Nbd2 Nge7 7. O-O b5 8. a4
b4 9. e5 Rb8 10. Nc4 Nf5 11. Bf4 h6 12. Nfd2 g5 13. Bxc6 gxf4 14. Be4 d5 15.
exd6 Nxd6 16. Bc6+ Kf8 17. Qh5 Nxc4 18. Nxc4 Qg5 19. Qf3 Bd4 20. Nd6 e5 21. c3
Bg4 22. Qe4 bxc3 23. bxc3 Bxc3 24. Qc4 Qe7 25. Qxc3 Qxd6 26. Bb5 Bh3 27. Rfe1
Qd5 28. Re4 f6 29. Rc1 Rc8 30. Qa5 fxg3 31. hxg3 Qf7 32. Bc4 Qe7 33. Qa6 Rh7
34. Rb1 Kg7 35. Rb7 Rc7 36. Rb8 Kg6 37. Rh4 Be6 38. Bxe6 Qxe6 39. Qxe6 1-0

[Event "Saginaw Quads (March)"]
[Site "Saginaw, Mich."]
[Date "1984.03.04"]
[Round "2"]
[White "Moody, David"]
[Black "Kitts, Gary"]
[Result "1/2-1/2"]
[WhiteElo "1995"]
[BlackElo "1928"]
[PlyCount "70"]
[EventDate "1984.03.04"]

1. e4 Nf6 2. Nc3 d5 3. exd5 Nxd5 4. Bc4 c6 5. Nf3 Bg4 6. h3 Bh5 7. d4 e6 8. Qe2
Nxc3 9. bxc3 Bd6 10. g4 Bg6 11. Bg5 Qa5 12. Bxe6 O-O 13. Bb3 Qxc3+ 14. Kf1
Qxa1+ 15. Kg2 Qxh1+ 16. Kxh1 Nd7 17. Ne5 Rae8 18. f4 h6 19. Bh4 Nxe5 20. dxe5
Be7 21. Bxe7 Rxe7 22. f5 Bh7 23. Qe3 a6 24. h4 Rfe8 25. e6 fxe6 26. fxe6 Kh8
27. g5 hxg5 28. hxg5 Bf5 29. Qf4 Bxe6 30. Qh4+ Kg8 31. g6 Bxb3 32. Qh7+ Kf8 33.
axb3 Re1+ 34. Kg2 R1e2+ 35. Kf3 R2e3+ 1/2-1/2

[Event "Saginaw Quads (March)"]
[Site "Saginaw, Mich."]
[Date "1984.03.04"]
[Round "3"]
[White "Finegold, Ben"]
[Black "Moody, David"]
[Result "1-0"]
[WhiteElo "2294"]
[BlackElo "1975"]
[PlyCount "77"]
[EventDate "1984.03.04"]

1. d4 Nf6 2. e3 b6 3. f4 Bb7 4. Nf3 e6 5. Bd3 Ne4 6. Nbd2 f5 7. c3 Be7 8. O-O
O-O 9. Qc2 d5 10. Ne5 Nxd2 11. Bxd2 Nd7 12. c4 Nxe5 13. fxe5 c5 14. cxd5 Qxd5
15. Rf2 Bh4 16. Re2 cxd4 17. Bc4 Qxe5 18. exd4 Qxd4+ 19. Be3 Qe4 20. Bd3 Qc6
21. Qb3 f4 22. Rc1 Qd6 23. Bf2 Bxf2+ 24. Rxf2 Rf6 25. Rd1 Kh8 26. Bc4 Qc5 27.
Qd3 Rg6 28. Qd8+ Qf8 29. Qd7 Be4 30. Bxe6 Re8 31. Bh3 Bc6 32. Qc7 Qc5 33. Qxf4
Rf6 34. Bf5 g6 35. g4 gxf5 36. g5 Re4 37. gxf6 Qf8 38. Qxf5 Qg8+ 39. Kf1 1-0

[Event "Chester Orlowski Memorial"]
[Site "East Detroit, Mich."]
[Date "1984.03.05"]
[Round "4"]
[White "Foord, Allan"]
[Black "Moody, David"]
[Result "1-0"]
[WhiteElo "1681"]
[BlackElo "1904"]
[PlyCount "49"]
[EventDate "1984.01.30"]

1. e4 e5 2. Nf3 Nc6 3. Bb5 a6 4. Ba4 Nf6 5. O-O Be7 6. Re1 b5 7. Bb3 O-O 8. c3
d5 9. exd5 Nxd5 10. Nxe5 Nxe5 11. Rxe5 c6 12. Re1 Bd6 13. d4 Qh4 14. g3 Qh3 15.
Qd3 Bg4 16. Nd2 Rae8 17. Qf1 Rxe1 18. Qxe1 Nf4 19. Qe4 Bf5 20. Qxc6 Rc8 21. Qb7
Re8 22. Bxf7+ Kh8 23. Bxe8 Ne2+ 24. Kh1 Bxg3 25. Qg2 1-0

[Event "Trenton Quads (March)"]
[Site "Trenton, Mich."]
[Date "1984.03.18"]
[Round "2"]
[White "Thompson, Dexter"]
[Black "Moody, David"]
[Result "1-0"]
[WhiteElo "2166"]
[BlackElo "1995"]
[PlyCount "51"]
[EventDate "1984.03.18"]

1. e4 e6 2. d4 d5 3. e5 c5 4. c3 Nc6 5. Nf3 Qb6 6. a3 cxd4 7. cxd4 Bd7 8. Nc3
Nge7 9. Na4 Qc7 10. b4 Nf5 11. Be3 Be7 12. Rc1 O-O 13. Bd3 Rac8 14. O-O Qb8 15.
Nc5 Bxc5 16. Rxc5 Nce7 17. Qb1 b6 18. Rxc8 Rxc8 19. g4 Nxe3 20. Bxh7+ Kh8 21.
fxe3 f6 22. Nh4 Bb5 23. exf6 gxf6 24. Rxf6 Rc3 25. Rf7 Qc7 26. Ng6+ 1-0

[Event "Trenton Quads (March)"]
[Site "Trenton, Mich."]
[Date "1984.03.18"]
[Round "3"]
[White "Moody, David"]
[Black "Braak, Dairen"]
[Result "0-1"]
[WhiteElo "1995"]
[BlackElo "1856"]
[PlyCount "104"]
[EventDate "1984.03.18"]

1. Nf3 d5 2. c4 c6 3. g3 Nf6 4. Bg2 dxc4 5. Na3 Nbd7 6. Nxc4 b5 7. Nce5 Bb7 8.
Qb3 e6 9. Nxf7 Nc5 10. Nxd8 Nxb3 11. Nxb7 Nxa1 12. Nd4 Nd5 13. b3 Rb8 14. Na5
c5 15. Nxe6 Nb4 16. Nc6 Nac2+ 17. Kd1 Rb6 18. Nc7+ Kd7 19. Na8 Rxc6 20. Bxc6+
Kxc6 21. a3 Nd4 22. axb4 cxb4 23. Bb2 Nxb3 24. Kc2 Nc5 25. Ra1 Kb7 26. Nc7 Kxc7
27. Rxa7+ Kb6 28. Ra8 Ne6 29. Be5 Kc6 30. e4 Kd7 31. d4 Nd8 32. Ra7+ Ke8 33.
Ra8 h5 34. h4 Rh6 35. Rb8 Rc6+ 36. Kb2 Bd6 37. Rxb5 Bxe5 38. Rxe5+ Re6 39. Kb3
Rxe5 40. dxe5 Nc6 41. f4 Ke7 42. Kc4 Ke6 43. Kb3 Nxe5 44. Kxb4 Nd3+ 45. Kc4 Nf2
46. Kd4 Nh1 47. f5+ Kf6 48. Ke3 Nxg3 49. Kf4 Ne2+ 50. Ke3 Ke5 51. Kxe2 Kxe4 52.
Kf2 Kf4 0-1

[Event "Trenton Quads (March)"]
[Site "Trenton, Mich."]
[Date "1984.03.18"]
[Round "1"]
[White "Moody, David"]
[Black "Bolda, Daniel G"]
[Result "1-0"]
[WhiteElo "1995"]
[BlackElo "1856"]
[PlyCount "33"]
[EventDate "1984.03.18"]

1. Nf3 d5 2. c4 dxc4 3. Na3 c5 4. Nxc4 Nc6 5. b3 Nf6 6. Bb2 Bg4 7. e3 e6 8. Be2
Be7 9. O-O O-O 10. Nfe5 Nxe5 11. Nxe5 Bxe2 12. Qxe2 Bd6 13. f4 Qc7 14. Rf3 Nd7
15. Rh3 g6 16. Nc4 Be7 17. Qh5 1-0

[Event "East Detroit Chess Club Championship"]
[Site "East Detroit, Mich."]
[Date "1984.03.26"]
[Round "1"]
[White "Turner, Keita"]
[Black "Moody, David"]
[Result "0-1"]
[WhiteElo "1523"]
[BlackElo "1995"]
[PlyCount "52"]
[EventDate "1984.03.26"]

1. e4 e5 2. Nf3 Nc6 3. Bc4 Nf6 4. d4 exd4 5. O-O Bc5 6. e5 d5 7. exf6 dxc4 8.
Re1+ Be6 9. Ng5 Qd5 10. Nc3 Qf5 11. Nce4 O-O-O 12. g4 Qe5 13. Nxe6 fxe6 14.
fxg7 Rhg8 15. Bh6 d3 16. c3 Bb6 17. g5 Qf4 18. Qd2 Qg4+ 19. Kh1 Qf3+ 20. Kg1
Ne5 21. Nf6 Ng6 22. Re3 Qf4 23. Nxg8 Rxg8 24. Rd1 Bxe3 25. fxe3 Qg4+ 26. Kh1
Nh4 0-1

[Event "April Fool's Super Tornado"]
[Site "Ann Arbor, Mich."]
[Date "1984.04.01"]
[Round "3"]
[White "Thompson, Dexter"]
[Black "Moody, David"]
[Result "1-0"]
[WhiteElo "2166"]
[BlackElo "1995"]
[PlyCount "53"]
[EventDate "1984.04.01"]

1. e4 e5 2. Nf3 Nc6 3. Nc3 Nf6 4. Bb5 Bb4 5. O-O O-O 6. d3 Bxc3 7. bxc3 d6 8.
h3 Qe7 9. Bxc6 bxc6 10. Bg5 Be6 11. c4 h6 12. Bh4 g5 13. Nxg5 hxg5 14. Bxg5 Kg7
15. f4 Rh8 16. fxe5 dxe5 17. Bxf6+ Qxf6 18. Rxf6 Kxf6 19. Qf3+ Ke7 20. Rf1 Rag8
21. Qf6+ Kd7 22. Qxe5 Rxh3 23. Qd4+ Kc8 24. Qxa7 Rhg3 25. Rf3 Bh3 26. Rxf7
Rxg2+ 27. Kh1 1-0

[Event "April Fool's Super Tornado"]
[Site "Ann Arbor, Mich."]
[Date "1984.04.01"]
[Round "2"]
[White "Riegel, Peter"]
[Black "Moody, David"]
[Result "0-1"]
[WhiteElo "1744"]
[BlackElo "1995"]
[PlyCount "84"]
[EventDate "1984.04.01"]

1. e4 e5 2. Nf3 Nc6 3. Bb5 a6 4. Bxc6 dxc6 5. d4 exd4 6. Qxd4 Qxd4 7. Nxd4 Bd6
8. Be3 Ne7 9. O-O Bd7 10. Nc3 O-O-O 11. f4 Rhe8 12. a3 Nd5 13. Nxd5 cxd5 14. e5
c5 15. Nf3 f6 16. Rae1 Bf8 17. Bd2 Bb5 18. Rf2 b6 19. b3 a5 20. a4 Ba6 21. g4
c4 22. e6 Bc5 23. f5 Bxf2+ 24. Kxf2 d4 25. Bf4 c3 26. Rd1 d3 27. cxd3 Rxd3 28.
Rc1 Red8 29. Be3 Kb7 30. Bd4 R3xd4 31. Nxd4 Rxd4 32. Rxc3 Re4 33. h4 Be2 34. g5
Bg4 35. Re3 Rxe3 36. Kxe3 Bxf5 37. gxf6 gxf6 38. e7 Bg6 39. Kf4 Kc7 40. h5 Kd7
41. e8=Q+ Bxe8 42. h6 Bg6 0-1

[Event "April Fool's Super Tornado"]
[Site "Ann Arbor, Mich."]
[Date "1984.04.01"]
[Round "1"]
[White "Moody, David"]
[Black "Stockham, James"]
[Result "1-0"]
[WhiteElo "1995"]
[BlackElo "1726"]
[PlyCount "71"]
[EventDate "1984.04.01"]

1. e4 c6 2. d3 d5 3. Nd2 g6 4. Ngf3 Bg7 5. g3 e5 6. Bg2 Ne7 7. O-O O-O 8. b4
Bg4 9. c4 b5 10. Qb3 bxc4 11. dxc4 d4 12. Bb2 Nd7 13. h3 Bxf3 14. Nxf3 Rb8 15.
Qa4 Nb6 16. Qc2 Nd7 17. Qd2 Qc7 18. Ne1 f5 19. Nd3 fxe4 20. Bxe4 Nf6 21. Rae1
Nxe4 22. Rxe4 Rbe8 23. Kg2 Nf5 24. c5 Qf7 25. Qe2 Qd5 26. Kh2 Qf7 27. a4 Ne3
28. Re1 Nc4 29. Bc1 Kh8 30. f4 Ne3 31. Bxe3 dxe3 32. Qxe3 Qa2+ 33. Kh1 Qxa4 34.
Nxe5 Bxe5 35. Rxe5 Rd8 36. Re7 1-0

[Event "April Fool's Super Tornado"]
[Site "Ann Arbor, Mich."]
[Date "1984.04.01"]
[Round "5"]
[White "Moody, David"]
[Black "Hickey, Gene"]
[Result "0-1"]
[WhiteElo "1995"]
[BlackElo "2005"]
[PlyCount "60"]
[EventDate "1984.04.01"]

1. e4 b6 2. d4 Bb7 3. f3 e6 4. Bd3 c5 5. c3 Nc6 6. Ne2 Qh4+ 7. g3 Qf6 8. d5
exd5 9. O-O dxe4 10. fxe4 Qe7 11. Na3 Nf6 12. Nb5 Kd8 13. Nf4 c4 14. Bxc4 Qc5+
15. Nd4 Qxc4 16. Be3 Ne5 17. b3 Qxc3 18. Nde6+ fxe6 19. Nxe6+ Ke7 20. Bd4 Qc6
21. Bxe5 Qxe6 22. Qd4 d6 23. Bf4 Bxe4 24. Rae1 d5 25. Bg5 h6 26. Bd2 Kd7 27.
Bc3 Bc5 28. Rxf6 gxf6 29. Qxc5 bxc5 30. Re2 Rhf8 0-1

[Event "April Fool's Super Tornado"]
[Site "Ann Arbor, Mich."]
[Date "1984.04.01"]
[Round "4"]
[White "Moody, David"]
[Black "Chen, Franklin"]
[Result "1-0"]
[WhiteElo "1995"]
[BlackElo "1841"]
[PlyCount "41"]
[EventDate "1984.04.01"]

1. e4 e5 2. Nf3 f5 3. Bc4 fxe4 4. Nxe5 Qg5 5. d4 Qxg2 6. Qh5+ g6 7. Bf7+ Kd8 8.
Bxg6 Qxh1+ 9. Ke2 c6 10. Bf4 d6 11. Nd2 Qxa1 12. Nf7+ Kc7 13. Qc5 Bg4+ 14. f3
Bxf3+ 15. Nxf3 exf3+ 16. Kf2 Nd7 17. Bxd6+ Kc8 18. Bf5 Ngf6 19. Qe5 Qxb2 20.
Bxd7+ Kxd7 21. Qf5+ 1-0

[Event "East Detroit Chess Club Championship"]
[Site "East Detroit, Mich."]
[Date "1984.04.02"]
[Round "2"]
[White "Moody, David"]
[Black "Gould, James"]
[Result "1-0"]
[WhiteElo "1995"]
[BlackElo "1742"]
[PlyCount "49"]
[EventDate "1984.03.26"]

1. e4 e5 2. Nf3 Nc6 3. Bc4 Bc5 4. c3 Nf6 5. d4 exd4 6. cxd4 Bb4+ 7. Nc3 Nxe4 8.
O-O Nxc3 9. bxc3 Be7 10. d5 Na5 11. Bd3 d6 12. Re1 O-O 13. Qa4 c6 14. Qe4 f5
15. Qxe7 cxd5 16. Bb5 a6 17. Ba4 b5 18. Bb3 Nc4 19. Bxc4 dxc4 20. Bg5 Qb6 21.
Rad1 Qa5 22. Rxd6 Rb8 23. Red1 Bb7 24. Rd7 Qxc3 25. Ne5 1-0

[Event "East Detroit Quads (April)"]
[Site "East Detroit, Mich."]
[Date "1984.04.08"]
[Round "2"]
[White "Moody, David"]
[Black "Ward, Tim"]
[Result "0-1"]
[WhiteElo "1995"]
[BlackElo "1909"]
[PlyCount "50"]
[EventDate "1984.04.08"]

1. Nf3 e6 2. b3 Nf6 3. Bb2 d5 4. g3 b6 5. Bg2 Bb7 6. O-O Bd6 7. d3 Nbd7 8. Nbd2
O-O 9. e4 dxe4 10. Ng5 Qc8 11. Ndxe4 Nxe4 12. Nxe4 f5 13. Ng5 e5 14. f4 Bxg2
15. Kxg2 h6 16. Ne6 Re8 17. fxe5 Nxe5 18. Nxg7 Kxg7 19. Qh5 Rf8 20. Rae1 Qe6
21. c4 c5 22. g4 Kh7 23. gxf5 Qf7 24. Qh4 Rg8+ 25. Kh1 Nxd3 0-1

[Event "East Detroit Quads (April)"]
[Site "East Detroit, Mich."]
[Date "1984.04.08"]
[Round "1"]
[White "Moody, David"]
[Black "Bautista, Lester"]
[Result "0-1"]
[WhiteElo "1995"]
[BlackElo "1873"]
[PlyCount "50"]
[EventDate "1984.04.08"]

1. c4 e6 2. d4 d5 3. Nc3 Nf6 4. Bg5 Be7 5. cxd5 exd5 6. e3 c6 7. Bd3 O-O 8. Qc2
Nbd7 9. Nge2 Re8 10. O-O-O Nf8 11. Nf4 Ng4 12. h4 Qd7 13. f3 Nxe3 14. Qf2 Nxd1
15. Kxd1 f5 16. g4 fxg4 17. fxg4 Qxg4+ 18. Be2 Qf5 19. Bd3 Qg4+ 20. Be2 Qf5 21.
Bd3 Qf7 22. Qc2 Bg4+ 23. Nfe2 Qf3 24. Kd2 Bxg5+ 25. hxg5 Qxh1 0-1

[Event "East Detroit Quads (April)"]
[Site "East Detroit, Mich."]
[Date "1984.04.08"]
[Round "3"]
[White "Brattin, Vincent"]
[Black "Moody, David"]
[Result "1-0"]
[WhiteElo "1895"]
[BlackElo "1995"]
[PlyCount "59"]
[EventDate "1984.04.08"]

1. e4 e5 2. Bc4 Nf6 3. Nc3 Nxe4 4. Qh5 Nd6 5. Bb3 Nc6 6. Nb5 g6 7. Nxd6+ Bxd6
8. Qf3 O-O 9. Ne2 Qe7 10. d3 Nd4 11. Nxd4 exd4+ 12. Kd1 Bb4 13. a3 Ba5 14. Bc4
Re8 15. b4 b5 16. Bg5 Bb7 17. Qg4 Qe5 18. f4 Qf5 19. Qxf5 gxf5 20. Bxb5 Bb6 21.
Bxd7 Bxg2 22. Rg1 Bf3+ 23. Kc1 Re2 24. Rg3 Re3 25. Bxf5 h5 26. Bf6+ Bg4 27.
Bxg4 Rxg3 28. hxg3 hxg4 29. Kd2 Kh7 30. f5 1-0

[Event "East Detroit Chess Club Championship"]
[Site "East Detroit, Mich."]
[Date "1984.04.09"]
[Round "3"]
[White "Wygrecki, John"]
[Black "Moody, David"]
[Result "1-0"]
[WhiteElo "1940"]
[BlackElo "1995"]
[PlyCount "37"]
[EventDate "1984.03.26"]

1. e4 Nc6 2. d4 e5 3. d5 Nce7 4. Nc3 Ng6 5. Nf3 Bb4 6. h4 Nf6 7. h5 Nxe4 8.
hxg6 Nxc3 9. gxf7+ Kf8 10. Qd2 Nxa2 11. c3 Nxc1 12. Rxc1 Bc5 13. b4 Bd6 14. Ng5
Be7 15. Nxh7+ Rxh7 16. Rxh7 Kxf7 17. Qh6 Bf6 18. Qh5+ Ke7 19. Rh8 1-0

[Event "Ann Arbor Quads (April)"]
[Site "Ann Arbor, Mich."]
[Date "1984.04.15"]
[Round "3"]
[White "Ward, Tim"]
[Black "Moody, David"]
[Result "0-1"]
[WhiteElo "1909"]
[BlackElo "1995"]
[PlyCount "62"]
[EventDate "1984.04.15"]

1. d4 Nf6 2. c4 c5 3. d5 e6 4. Nc3 exd5 5. cxd5 d6 6. e4 g6 7. f4 Bg7 8. Bb5+
Nfd7 9. a4 O-O 10. Nf3 a6 11. Be2 Re8 12. O-O Qc7 13. Kh1 c4 14. Nd2 Nc5 15.
Qc2 Nb3 16. Nxb3 cxb3 17. Qxb3 Bxc3 18. bxc3 Rxe4 19. Bd3 Re8 20. f5 Nd7 21.
Bh6 Ne5 22. Rae1 Bd7 23. Re3 Qc5 24. fxg6 hxg6 25. c4 Ng4 26. Bxg6 fxg6 27. Qb2
Nxh6 28. Qf6 Qxe3 29. Qxg6+ Kh8 30. Qf6+ Kh7 31. Qxd6 Qe7 0-1

[Event "Ann Arbor Quads (April)"]
[Site "Ann Arbor, Mich."]
[Date "1984.04.15"]
[Round "1"]
[White "Pegeron, Jean-Paul"]
[Black "Moody, David"]
[Result "1-0"]
[WhiteElo "1994"]
[BlackElo "1995"]
[PlyCount "49"]
[EventDate "1984.04.15"]

1. e4 e5 2. Nf3 Nc6 3. Bb5 a6 4. Ba4 Nf6 5. d4 b5 6. Bb3 Nxd4 7. Nxd4 exd4 8.
e5 Ne4 9. Qf3 f5 10. exf6 d5 11. fxg7 Bxg7 12. Qh5+ Kf8 13. Bxd5 Qe7 14. O-O
Nf6 15. Bg5 Nxh5 16. Bxe7+ Kxe7 17. Bxa8 Bf5 18. Re1+ Kd7 19. Be4 Bxe4 20. Rxe4
d3 21. c3 b4 22. Re3 Nf4 23. g3 Ne2+ 24. Kf1 Nc1 25. Nd2 1-0

[Event "Ann Arbor Quads (April)"]
[Site "Ann Arbor, Mich."]
[Date "1984.04.15"]
[Round "2"]
[White "Moody, David"]
[Black "Baze, Lineas"]
[Result "0-1"]
[WhiteElo "1995"]
[BlackElo "2021"]
[PlyCount "56"]
[EventDate "1984.04.15"]

1. e4 c5 2. Nf3 e6 3. d3 Nc6 4. g3 Nge7 5. Bg2 Ng6 6. h4 Bd6 7. Nbd2 Qc7 8. Nc4
b5 9. Nxd6+ Qxd6 10. h5 Nge7 11. Be3 c4 12. Qe2 cxd3 13. cxd3 Qb4+ 14. Kf1 d5
15. Rh4 Qd6 16. Rc1 Bb7 17. Nd4 a6 18. Nb3 dxe4 19. Bxe4 Nd5 20. Bc5 Qd7 21.
Rg4 g6 22. Rg5 O-O-O 23. Qd2 Kb8 24. Na5 Rc8 25. Bxd5 exd5 26. Qf4+ Ka8 27. Re1
Rhe8 28. hxg6 Qh3+ 0-1

[Event "Ann Arbor $600 Open"]
[Site "Ann Arbor, Mich."]
[Date "1984.04.28"]
[Round "3"]
[White "Moody, David"]
[Black "Schoenfeld, Kevin"]
[Result "1-0"]
[WhiteElo "1985"]
[BlackElo "1590"]
[PlyCount "55"]
[EventDate "1984.04.28"]

1. e4 c5 2. Nf3 Nc6 3. d4 cxd4 4. Nxd4 d6 5. Nc3 g6 6. Bc4 Nf6 7. Nxc6 bxc6 8.
e5 Ng4 9. Bf4 d5 10. Nxd5 cxd5 11. Bxd5 Qb6 12. O-O Rb8 13. e6 fxe6 14. Bf3 e5
15. Bg3 Ba6 16. Bxg4 Rd8 17. Qf3 Bxf1 18. Bxe5 Bxg2 19. Kxg2 Rg8 20. Qh3 Bg7
21. Qxh7 Kf8 22. Re1 Rd2 23. Bxg7+ Rxg7 24. Qh8+ Kf7 25. Be6+ Kf6 26. Qh4+ g5
27. Qh6+ Rg6 28. Qf8# 1-0

[Event "Ann Arbor $600 Open"]
[Site "Ann Arbor, Mich."]
[Date "1984.04.28"]
[Round "1"]
[White "Moody, David"]
[Black "Gale, John"]
[Result "1-0"]
[WhiteElo "1985"]
[BlackElo "1521"]
[PlyCount "33"]
[EventDate "1984.04.28"]

1. e4 e5 2. Nf3 Nc6 3. d4 exd4 4. Bc4 Bb4+ 5. c3 dxc3 6. Nxc3 Qf6 7. O-O Bxc3
8. bxc3 Qxc3 9. Qd5 Qf6 10. Bb2 Nge7 11. Bxf6 Nxd5 12. Bxg7 Rg8 13. exd5 Rxg7
14. dxc6 dxc6 15. Rfe1+ Be6 16. Nd4 O-O-O 17. Bxe6+ 1-0

[Event "Ann Arbor $600 Open"]
[Site "Ann Arbor, Mich."]
[Date "1984.04.28"]
[Round "2"]
[White "Cooper, Thomas"]
[Black "Moody, David"]
[Result "1-0"]
[WhiteElo "2145"]
[BlackElo "1985"]
[PlyCount "59"]
[EventDate "1984.04.28"]

1. f4 e5 2. fxe5 d6 3. exd6 Bxd6 4. Nf3 g5 5. d4 g4 6. Ng5 f5 7. e4 h6 8. e5
Be7 9. Nh3 gxh3 10. Qh5+ Kf8 11. Bc4 Rh7 12. Be3 Bg5 13. Qxh3 Bxe3 14. Qxe3 Qg5
15. Qa3+ Ne7 16. Nd2 Qh4+ 17. g3 Qg4 18. h3 Qh5 19. Be2 Qf7 20. O-O-O Be6 21.
g4 f4 22. Rhf1 Kg8 23. Ne4 Nd5 24. c4 Ne3 25. Nf6+ Kh8 26. Rxf4 Nxd1 27. d5 Bc8
28. Nh5 Nd7 29. Rxf7 Rxf7 30. e6 1-0